<?xml version="1.0" encoding="UTF-8"?>
<record
    xmlns:xsi="http://www.w3.org/2001/XMLSchema-instance"
    xsi:schemaLocation="http://www.loc.gov/MARC21/slim http://www.loc.gov/standards/marcxml/schema/MARC21slim.xsd"
    xmlns="http://www.loc.gov/MARC21/slim">

  <leader>01235nam a22002897a 4500</leader>
  <controlfield tag="003">OSt</controlfield>
  <controlfield tag="005">20260406200806.0</controlfield>
  <controlfield tag="008">260330b        |||||||| |||| 00| 0 eng d</controlfield>
  <datafield tag="040" ind1=" " ind2=" ">
    <subfield code="b">English.</subfield>
    <subfield code="c">CvSU-CCAT Campus Library.</subfield>
    <subfield code="e">rda.</subfield>
  </datafield>
  <datafield tag="050" ind1=" " ind2=" ">
    <subfield code="a">UM TJ 1185</subfield>
    <subfield code="b">A85 2006</subfield>
  </datafield>
  <datafield tag="100" ind1=" " ind2=" ">
    <subfield code="a">Avilla, Lester E., author</subfield>
    <subfield code="9">17096</subfield>
  </datafield>
  <datafield tag="245" ind1=" " ind2=" ">
    <subfield code="a">Improvised hand tapping device : </subfield>
    <subfield code="b">a technical feasibility study /</subfield>
    <subfield code="c">Lester E. Avilla, Lolito M. Lachico, Rasty C. Monzon. </subfield>
  </datafield>
  <datafield tag="260" ind1=" " ind2=" ">
    <subfield code="a">Rosario, Cavite :</subfield>
    <subfield code="b">Cavite State University-CCAT Campus,</subfield>
    <subfield code="c">2006</subfield>
  </datafield>
  <datafield tag="300" ind1=" " ind2=" ">
    <subfield code="a">ii, 34 leaves :</subfield>
    <subfield code="b">illustrations ;</subfield>
    <subfield code="c">28 cm</subfield>
  </datafield>
  <datafield tag="500" ind1=" " ind2=" ">
    <subfield code="a">Feasibility Study (BSIT Major in Mechanical Technology) -- Cavite State University-CCAT Campus, 2006.</subfield>
  </datafield>
  <datafield tag="504" ind1=" " ind2=" ">
    <subfield code="a">Includes bibliographical references and appendices.</subfield>
  </datafield>
  <datafield tag="546" ind1=" " ind2=" ">
    <subfield code="a">In English text</subfield>
  </datafield>
  <datafield tag="650" ind1=" " ind2=" ">
    <subfield code="a">Tapping machine </subfield>
    <subfield code="x">Design and construction</subfield>
    <subfield code="9">19971</subfield>
  </datafield>
  <datafield tag="650" ind1=" " ind2="0">
    <subfield code="a">Metalworking tools</subfield>
    <subfield code="9">17098</subfield>
  </datafield>
  <datafield tag="650" ind1=" " ind2="0">
    <subfield code="a">Improvised devices</subfield>
    <subfield code="9">17057</subfield>
  </datafield>
  <datafield tag="650" ind1=" " ind2=" ">
    <subfield code="a">Technical feasibility </subfield>
    <subfield code="9">17093</subfield>
  </datafield>
  <datafield tag="700" ind1=" " ind2=" ">
    <subfield code="a">Lachico, Lolito M., author.</subfield>
    <subfield code="9">19972</subfield>
  </datafield>
  <datafield tag="700" ind1=" " ind2=" ">
    <subfield code="a">Monzon, Rasty C., author. </subfield>
    <subfield code="9">19973</subfield>
  </datafield>
  <datafield tag="700" ind1=" " ind2=" ">
    <subfield code="a">Alvarez, Nestor M., adviser</subfield>
    <subfield code="9">5915</subfield>
  </datafield>
  <datafield tag="942" ind1=" " ind2=" ">
    <subfield code="2">lcc</subfield>
    <subfield code="c">T/M/D</subfield>
    <subfield code="h">TJ 1185 A85 2006</subfield>
    <subfield code="k">UM</subfield>
  </datafield>
  <datafield tag="999" ind1=" " ind2=" ">
    <subfield code="c">5054</subfield>
    <subfield code="d">5054</subfield>
  </datafield>
  <datafield tag="952" ind1=" " ind2=" ">
    <subfield code="0">0</subfield>
    <subfield code="1">0</subfield>
    <subfield code="2">lcc</subfield>
    <subfield code="4">0</subfield>
    <subfield code="7">0</subfield>
    <subfield code="8">UM</subfield>
    <subfield code="a">CCATLIB</subfield>
    <subfield code="b">CCATLIB</subfield>
    <subfield code="c">TH</subfield>
    <subfield code="d">2006-07-06</subfield>
    <subfield code="f">UM</subfield>
    <subfield code="l">0</subfield>
    <subfield code="o">UM TJ 1185 A85 2006</subfield>
    <subfield code="p">T0000263</subfield>
    <subfield code="r">2026-03-30 01:02:00</subfield>
    <subfield code="t">1</subfield>
    <subfield code="w">2026-03-30</subfield>
    <subfield code="y">T/M/D</subfield>
  </datafield>
</record>
